000 00616nam a2200217 u 4500
005 20250301063806.0
008 181122s2005 r 000 0 eng d
020 _a9806573084
035 _aUPN01000228033
049 _aI
050 4 _aHM1271
_bM8.7
100 1 _aMuñoz, Boris
_942821
245 1 0 _aTan iguales tan diferentes /
_cBoris Muñoz ; il. Iván Estrada
260 _aCaracas :
_bCyls,
_c2005.
300 _a32 p. :
_bil. col.
440 0 _aClave.
_pPersona
650 2 _aTolerancia
_vLiteratura infantil
_923719
650 4 _aIgualdad ante la ley
_914260
905 _aInfantil
999 _c200128
_d200128